000 00956nam a22002297a 4500
005 20250904114548.0
010 _aB-772894-917 ENG-146735 BACEN25
020 _a9789386173751
_c499.00
035 _aB-772894-917
035 _aEN-130267
037 _bKhanna Book Publishing
037 _bDBAD
_aDPL
082 _a629.892
_21
100 _aMuhkerjee, S.
_984713
245 _aEssential of Robotics and Process Automation/
_cBy S. Muhkerjee
250 _a1
260 _aNew Delhi
_bKhanna Book Publishing Co.(P) Ltd
_c2025
270 _a4C/4344, Ansari Road, Darya Ganj
_bNew Delhi
_e110002
_mcontact@khannabooks.com
_k011-2324447
_k011-2324448
_k9910909320
300 _a269p.
_c24cm(pb)
942 _2ddc
_cEN
_h629.892
_mMUK
_e1
999 _c209351
_d209351